000 00739nam a2200181 4500
001 144656
003 ES-MaACL
005 20250902093017.0
007 t|
008 070214s1983 sp r ||||1| spa d
110 2 _aReal Sociedad Económica Aragonesa de Amigos del País
_96382
245 1 0 _aDibujos de academia
_b: del 16 de diciembre de 1983 al 21 de enero de 1984 /
_cReal Sociedad Económica Aragonesa de Amigos del País.
260 _aZaragoza :
_bCaja de Ahorros y Monte de Piedad de Zaragoza, Aragón y La Rioja,
_c1983.
300 _a107 p. :
_bil. ;
_c30 cm.
710 2 _aCaja de Ahorros y Monte de Piedad de Zaragoza, Aragón y Rioja.
_92326
852 _aES-MaACL
_jL-5844
_bR.106179
999 _c144656
_d144656